| 000 | 00844nam a22002417a 4500 | ||
|---|---|---|---|
| 999 |
_c4216 _d4216 |
||
| 003 | AR-CdUCM | ||
| 008 | 190308b ||||| |||| 00| 0 spa d | ||
| 040 |
_aMUNICIPALIDAD PROVINCIAL DEL CUSCO _cBIBLIOTECA MUNICIPAL DEL CUSCO |
||
| 041 | _hita | ||
| 082 |
_a711.1 / _bR58 |
||
| 100 |
_aRigotti, Giorgio _913349 |
||
| 245 | _aUrbanismo; la técnica / | ||
| 260 |
_aBarcelona : _bEdit. Labor, _c1955. |
||
| 300 |
_a796 páginas : _bIlustraciones., planos _c26 cm. |
||
| 505 | _aSuperficies destinadas a comunicaciones -- Superficies edificables -- Superficies para parques y jardines -- Servicios Públicos. | ||
| 650 |
_aUrbanismo _94748 |
||
| 650 |
_aArquitectura _93356 |
||
| 650 |
_aArte _9561 |
||
| 650 |
_aPlanos arquitectónicos _913350 |
||
| 700 |
_aTraducción: Francisco Folguera _913351 |
||
| 942 |
_2ddc _cLIBROS |
||
| 945 | _admma | ||